00448nam a2200145 a 4500001000500000005001700005008004100022050001700063100001800080245003300098260003000131300001600161999001900177952010600196115920140414131918.0040201s19uu xx 00 eng d aERbL46 1976 aFujikawa, Gyo aLet's play! /cGyo Fujikawa. aJapan :bZokeisha,c1976. ap. ; cm. c111597d111597 001040aMUbMUcERd2004-02-01eDonationl0oER L46 1976pM2398r2014-04-14 00:00:00w2014-04-14yBK